Văn hóa dân gian Thái dọc đôi bờ sông Nặm Quang T2

Giới thiệu những nội dung liên quan đến văn học dân gian của người Thái vùng sông Nặm Quang, đó là: Đồng Dao, Dân ca, truyện thơ, truyện kể dân gian.

Đã lưu trong:
Chi tiết thư mục
Tác giả chính: Quán Vi Miên
Định dạng: Sách
Năm xuất bản: H. Văn Hóa Dân tộc 2016
Chủ đề:
Tags: Thêm thẻ
Không có thẻ, Hãy là người đầu tiên gắn thẻ bản ghi này!
LEADER 00849nam a2200181 4500
082 |a 398.09597  |b Qu105V 
100 |a Quán Vi Miên 
245 |a Văn hóa dân gian Thái dọc đôi bờ sông Nặm Quang  |c Quán Vi Miên  |n T2 
260 |a H.  |b Văn Hóa Dân tộc  |c 2016 
300 |a 743tr.  |c 21cm 
520 |a Giới thiệu những nội dung liên quan đến văn học dân gian của người Thái vùng sông Nặm Quang, đó là: Đồng Dao, Dân ca, truyện thơ, truyện kể dân gian. 
653 |a Văn hóa 
653 |a Văn hóa dân gian 
653 |a Đồng dao, Dân ca, truyện thơ, truyện kể, dân gian 
653 |a Năm Quang 
942 |2 ddc  |c SH 
999 |c 13009  |d 13009 
952 |0 0  |1 0  |2 ddc  |4 0  |6 398_095970000000000_QU105V  |7 0  |9 108612  |a qbu  |b qbu  |c D1  |d 2016-11-09  |g 145000  |o 398.09597 Qu105V  |p 12172.c1  |r 0000-00-00  |w 2016-11-09  |y SH